Propuesta de una estrategia de comunicación basada en la mezcla de comunicación de mercadotecnia, para importadora León para el año 2020
La finalidad de este trabajo fue diseñar una Propuesta de Estrategia de Comunicación basada en la Mezcla de comunicación de Mercadotecnia para la importadora León para el año 2020. Con el fin de mejorar la comunicación de la importadora León. Ya que esta está limitada a la comunicación b...
| Main Authors: | , , |
|---|---|
| Other Authors: | |
| Format: | Tesis Section = Libro |
| Language: | Undetermined Spanish |
| Published: |
Managua
UNI
2020
|
| Subjects: |
| LEADER | 01389nam a2200313Ia 4500 | ||
|---|---|---|---|
| 008 | 240830s9999 xx 000 0 und d | ||
| 040 | |a BIBLIOTECA-RUPAP Mon 658.835 P339 | ||
| 041 | |a spa | ||
| 082 | |a Mon 658.835 P339 | ||
| 100 | 1 | |a Pavón Martínez, María Fabiola | |
| 100 | 1 | |b Morales Carballo, Luis Ricardo. | |
| 100 | 1 | |c Jose Acuña, Freddy Antonio | |
| 245 | 1 | 0 | |a Propuesta de una estrategia de comunicación basada en la mezcla de comunicación de mercadotecnia, para importadora León para el año 2020 |
| 260 | |a Managua |b UNI |c 2020 | ||
| 300 | |a 54, XVIII p. :il. | ||
| 500 | |a Contiene: anexos y CD. | ||
| 502 | |a Tesis (Ingeniero de Sistemas)- UNI, 2020. | ||
| 520 | 3 | |a La finalidad de este trabajo fue diseñar una Propuesta de Estrategia de Comunicación basada en la Mezcla de comunicación de Mercadotecnia para la importadora León para el año 2020. Con el fin de mejorar la comunicación de la importadora León. Ya que esta está limitada a la comunicación boca a boca. | |
| 650 | 7 | |a MERCADEO | |
| 650 | 7 | |b MERCADOTECNIA | |
| 650 | 7 | |c INVESTIGACION DE MERCADO | |
| 650 | 7 | |d COMPETENCIA | |
| 650 | 7 | |e ESTRATEGIA DE COMUNICACIÓN | |
| 650 | 7 | |f ESTRATEGIA ADMINISTRATIVA | |
| 650 | 7 | |g MATERIALES PARA ZAPATOS- INDUSTRIA Y COMERCIO. | |
| 700 | 1 | |a Tutor: |b Huete Castillo, Manuel Enrique | |
| 942 | |c BK |2 ddc | ||
| 991 | |a TESIS | ||
| 999 | |c 17687 | ||